[Event "Minsk Inautomarket op"]
[Site "Minsk"]
[Date "2006.07.10"]
[Round "1"]
[White "Ivannikov, Oleg"]
[Black "Firman, Nazar"]
[Result "0-1"]
[WhiteElo "2176"]
[BlackElo "2499"]
[PlyCount "72"]
[EventDate "2006.07.10"]
[EventType "swiss"]
[EventRounds "9"]
[EventCountry "BLR"]
[SourceTitle "CBM 113 Extra"]
[Source "ChessBase"]
[SourceDate "2006.09.14"]
[SourceVersion "1"]
[SourceVersionDate "2006.09.14"]
[SourceQuality "1"]

1. e4 c5 2. Nf3 e6 3. d4 cxd4 4. Nxd4 Nc6 5. Nb5 Nf6 6. N1c3 d6 7. Bf4 e5 8. Bg5 a6 9. Na3 b5 10. Nd5 Be7 11. Bxf6 Bxf6 12. c3 0-0 13. Be2 Bg5 14. Nc2 Bb7 15. 0-0 Ne7 16. Ncb4 Nc8 17. Qb3 Rb8 18. Rfd1 a5 19. Nc2 Nb6 20. Bxb5 a4 21. Qa3 f5 22. Nxb6 Qxb6 23. Bc4+ Kh8 24. Qb4 Qc7 25. Na3 Bxe4 26. Nb5 Qc6 27. Rxd6 Qa8 28. Bf1 Be7 29. Rad1 Bc6 30. Nc7 Qa7 31. Qc4 Bxd6 32. Rxd6 Rxb2 33. Nd5 Qxf2+ 34. Kh1 Rb1 35. h3 Rxf1+ 36. Kh2 Rg1 0-1

[Event "Dortmund Sparkassen op-A"]
[Site "Dortmund"]
[Date "2000.07.13"]
[Round "6"]
[White "Baramidze, David"]
[Black "Ivannikov, Oleg"]
[Result "1-0"]
[WhiteElo "2242"]
[BlackElo "2102"]
[PlyCount "45"]
[EventDate "2000.07.07"]
[EventType "swiss"]
[EventRounds "10"]
[EventCountry "GER"]
[SourceTitle "EXT 2001"]
[Source "ChessBase"]
[SourceDate "2000.11.22"]
[SourceVersion "1"]
[SourceVersionDate "2000.11.22"]
[SourceQuality "1"]

1. e4 e5 2. Nf3 Nc6 3. Bb5 a6 4. Ba4 Nf6 5. 0-0 Be7 6. Re1 b5 7. Bb3 d6 8. c3 0-0 9. h3 Be6 10. d4 Bxb3 11. Qxb3 exd4 12. cxd4 d5 13. e5 Ne4 14. Bf4 Na5 15. Qc2 c5 16. Nc3 f5 17. exf6 Bxf6 18. Nxe4 dxe4 19. Rxe4 cxd4 20. Bc7 d3 21. Qc5 Nb7 22. Qc6 Rc8 23. Qe6+ 1-0

[Event "RUS-Cup"]
[Site "Minsk"]
[Date "2000.??.??"]
[Round "3"]
[White "Kolesnik, Eduard"]
[Black "Ivannikov, Oleg"]
[Result "1-0"]
[WhiteElo "2412"]
[BlackElo "2102"]
[PlyCount "52"]
[EventDate "2000.??.??"]
[EventType "swiss"]
[EventRounds "9"]
[EventCountry "BLR"]
[SourceTitle "EXT 2001"]
[Source "ChessBase"]
[SourceDate "2000.11.22"]
[SourceVersion "1"]
[SourceVersionDate "2000.11.22"]
[SourceQuality "1"]

1. e4 e5 2. Nf3 Nc6 3. Nc3 Nf6 4. Bb5 Bc5 5. Nxe5 Bxf2+ 6. Kxf2 Nxe5 7. d4 Neg4+ 8. Kg1 c6 9. Be2 d6 10. h3 Nh6 11. Kh2 Qe7 12. Qd3 Be6 13. Qg3 0-0-0 14. Rf1 Rhg8 15. Bg5 Nhg4+ 16. Bxg4 Nxg4+ 17. Qxg4 f6 18. Bxf6 gxf6 19. Qf4 Qf7 20. Rf2 Kc7 21. Rd1 f5 22. exf5 Rdf8 23. f6 Qg6 24. d5 cxd5 25. Nb5+ Kc6 26. Qxd6+ Kxb5 1-0

[Event "UKR-ch op"]
[Site "Alushta"]
[Date "1999.??.??"]
[Round "?"]
[White "Ivannikov, Oleg"]
[Black "Bezgodov, Alexei"]
[Result "0-1"]
[WhiteElo "2102"]
[BlackElo "2557"]
[PlyCount "68"]
[EventDate "1999.??.??"]
[EventType "swiss"]
[EventRounds "9"]
[EventCountry "UKR"]
[SourceTitle "EXT 2001"]
[Source "ChessBase"]
[SourceDate "2000.11.22"]
[SourceVersion "1"]
[SourceVersionDate "2000.11.22"]
[SourceQuality "1"]

1. e4 e5 2. Nf3 Nc6 3. Bb5 a6 4. Ba4 Nf6 5. d4 exd4 6. 0-0 Be7 7. Re1 b5 8. e5 Nxe5 9. Rxe5 d6 10. Re1 bxa4 11. Nxd4 Bd7 12. Qf3 0-0 13. Nc3 Rb8 14. Nc6 Bxc6 15. Qxc6 Rb6 16. Qxa4 d5 17. Bg5 h6 18. Rxe7 hxg5 19. Re2 Qd6 20. Qd4 c5 21. Qe5 Qxe5 22. Rxe5 Rxb2 23. Nxd5 Nxd5 24. Rxd5 Rxc2 25. Rxg5 Rc8 26. a4 c4 27. Kf1 c3 28. Rd5 Rc6 29. Rd4 Rf6 30. f3 Rg6 31. Rd8+ Kh7 32. g4 Rxh2 33. Re1 Re6 34. Rxe6 fxe6 0-1

[Event "Alushta-C"]
[Site "Alushta"]
[Date "1997.??.??"]
[Round "8"]
[White "Ivannikov, Oleg"]
[Black "Arakelian, Eduard"]
[Result "1/2-1/2"]
[WhiteElo "2090"]
[BlackElo "2415"]
[PlyCount "45"]
[EventDate "1997.??.??"]
[EventType "tourn"]
[EventRounds "9"]
[EventCountry "UKR"]
[EventCategory "3"]
[SourceTitle "EXT 2000"]
[Source "ChessBase"]
[SourceDate "1999.11.16"]
[SourceVersion "1"]
[SourceVersionDate "1999.11.16"]
[SourceQuality "1"]

1. e4 c6 2. d4 d5 3. exd5 cxd5 4. c4 Nf6 5. Nc3 e6 6. Bg5 dxc4 7. Bxc4 Be7 8. Nf3 0-0 9. 0-0 Nc6 10. a3 a6 11. b4 b5 12. Bb3 a5 13. Nxb5 axb4 14. a4 Ba6 15. Rc1 Na7 16. Nxa7 Rxa7 17. Re1 Nd5 18. Bxe7 Rxe7 19. Bxd5 Qxd5 20. Re5 Qd6 21. Rec5 Bb7 22. Ne5 Bd5 23. Nc4 1/2-1/2

[Event "Minsk op"]
[Site "Minsk"]
[Date "1996.??.??"]
[Round "1"]
[White "Mochalov, Evgeny Veniaminovic"]
[Black "Ivannikov, Oleg"]
[Result "1-0"]
[WhiteElo "2515"]
[BlackElo "2090"]
[PlyCount "74"]
[EventDate "1996.??.??"]
[EventType "swiss"]
[EventRounds "9"]
[EventCountry "BLR"]
[SourceTitle "EXT 2000"]
[Source "ChessBase"]
[SourceDate "1999.11.16"]
[SourceVersion "1"]
[SourceVersionDate "1999.11.16"]
[SourceQuality "1"]

1. d4 d5 2. c4 Bf5 3. cxd5 Nf6 4. Qa4+ Qd7 5. Qxd7+ Nbxd7 6. Nc3 Nb6 7. f3 Nbxd5 8. Nxd5 Nxd5 9. e4 Nb4 10. exf5 Nc2+ 11. Kf2 Nxa1 12. Bd3 g6 13. Ne2 Bg7 14. Be3 Nb3 15. axb3 c6 16. h4 gxf5 17. Bxf5 e6 18. Bc2 0-0-0 19. g4 h6 20. Ra1 a6 21. Be4 Rhf8 22. Ra5 Rh8 23. h5 Bf6 24. f4 Be7 25. f5 Bf6 26. Kf3 Bg7 27. fxe6 fxe6 28. Nf4 Rhf8 29. Ke2 Rd6 30. Ng6 Re8 31. Ne5 Rf8 32. Ra1 Rdd8 33. b4 Kc7 34. Rc1 Rde8 35. g5 hxg5 36. Bxg5 Bf6 37. Bf4 Rd8 1-0